Statystyki dla Najmniejsze miasta UE

Kliknij tutaj aby rozwiązać quiz!

Ogólne statystyki

  • Ten quiz został rozwiązany 17 razy
  • Średni wynik to 6 z 10

Statystyki odpowiedzi

LudnośćMiasto0% Poprawnych
85 500Luksemburg2
86%
559 330Helsinki10
71%
425 459Bratysława6
64%
517 802Dublin9
64%
503 699Kopenhaga7
57%
7 650**Valletta1
57%
265 881Lublana3
50%
309 500Nikozja4
50%
505 739Lizbona8
43%
390 000Talinn5
14%

Rozkład punktacji

Percentyl według liczby udzielonych odpowiedzi

Procent ludzi z każdym wynikiem

Twoja historia wyników

Nie rozwiązałeś tego quizu